Život, který stojí za to /

Hlavní autor: Gumbel, Nicky, 1955-
Jazyk: Čeština
Vydáno: Praha : KMS, 2004
Vydání: 1. vyd.
Témata:
Externí odkaz: Digitalizovaný dokument
Fyzický popis: 107 s. : il. ; 19 cm
Knihy
Uloženo v:
LEADER 01797nam a2200481 a 4500
001 000736778
003 CZ BrMZK
005 20041019081640.0
007 ta
008 040921s2004 xr a erf 000 0 cze d
015 |a cnb001416942 
020 |a 80-86449-24-6  |q (brož.) 
035 |a (OCoLC)85119682 
040 |a BOA001  |b cze 
041 1 |a cze  |h eng 
072 7 |a 27-4  |x Praktická teologie. Morální teologie  |2 Konspekt  |9 5 
080 |a 27-4  |2 MRF 
080 |a 27  |2 MRF 
080 |a 316.728-021.465  |2 MRF 
080 |a 17.02  |2 MRF 
080 |a 316.64  |2 MRF 
080 |a 316.728  |2 MRF 
080 |a (035)  |2 MRF 
100 1 |a Gumbel, Nicky,  |d 1955-  |7 jn20010309569  |4 aut 
245 1 0 |a Život, který stojí za to /  |c Nicky Gumbel ; [překlad Miloš Poborský] 
250 |a 1. vyd. 
260 |a Praha :  |b KMS,  |c 2004 
300 |a 107 s. :  |b il. ;  |c 19 cm 
500 |a Překlad z angličtiny 
500 |a Obálkový podnázev: Prozkoumat smysl života 
504 |a Obsahuje bibliografické odkazy 
500 |a Dostupné též v digitální podobě v aplikaci Kramerius 
650 0 7 |a křesťanský život  |7 ph122132  |2 czenas 
650 0 7 |a kvalita života  |7 ph198739  |x křesťanské pojetí  |2 czenas 
650 0 7 |a smysl života  |7 ph125718  |x křesťanské pojetí  |2 czenas 
650 0 7 |a životní postoje  |7 ph128028  |x křesťanské pojetí  |2 czenas 
650 0 7 |a životní styl  |7 ph136586  |x křesťanské pojetí  |2 czenas 
655 7 |a příručky  |7 fd133209  |2 czenas 
765 0 |t Life worth living  |9 Česky 
856 4 1 |u http://www.digitalniknihovna.cz/mzk/uuid/uuid:a5d29fe0-8dfb-11e5-ac67-005056827e51  |y Digitalizovaný dokument  |x NDK 
910 |a BOA001  |b 1-1140.512 
990 |a BK 
996 6 |b 2610229307  |c 1-1140.512  |l MZK  |r Sklad / do 1 hodiny  |n 2  |p p.v.  |w 000736778  |u 000010  |a 1  |e BOA001  |j MZK50  |s P